Constitución Política de la República: sistematizada con jurisprudencia
Kaydedildi:
| Yazar: | |
|---|---|
| Materyal Türü: | Kitap |
| Dil: | İspanyolca |
| Baskı/Yayın Bilgisi: |
Santiago
Legal Publishing
2015
|
| Edisyon: | 1a. ed |
| Konular: | |
| Etiketler: |
Etiketle
Etiket eklenmemiş, İlk siz ekleyin!
|
MARC
| LEADER | 00000cam a2200000 a 4500 | ||
|---|---|---|---|
| 001 | UCE8114 | ||
| 003 | CL-VaPUC | ||
| 008 | 150728e20150000cl |||||||||||||||||spa|d | ||
| 020 | |a 9789563466836 | ||
| 082 | 0 | 4 | |a 342.83 |b VER |2 21 |
| 100 | 0 | |a Verdugo Marinkovic, Mario |e author |9 580842 | |
| 245 | 1 | 0 | |a Constitución Política de la República: sistematizada con jurisprudencia |
| 250 | |a 1a. ed | ||
| 300 | |a 453 p | ||
| 942 | |c BK | ||
| 945 | |d 20150728 02:04:00 |a dcastane | ||
| 260 | |a Santiago |b Legal Publishing |c 2015 | ||
| 650 | 0 | |a Constitución política |9 336925 | |
| 650 | 7 | |a GARANTIAS CONSTITUCIONALES |2 CL-VaPUC |9 580843 | |
| 650 | 0 | |a Derecho constitucional |9 222588 | |
| 650 | 0 | |a Análisis constitucional |9 255132 | |
| 650 | 7 | |a CONSTITUCION POLITICA DE 1980 |2 CL-VaPUC |9 256495 | |
| 583 | |a last modification |c 20150728 02:04:00 |k Rodrigo Vera | ||
| 999 | |c 360064 |d 360062 | ||
| 952 | |0 0 |1 0 |3 erb |4 0 |6 342_830000000000000_VER_2015 |7 0 |8 R |9 469691 |a BIBDER |b BIBDER |i 5191041 |o 342.83 VER 2015 |p 5191041 |r 2023-01-25 |w 2019-11-23 |y BK_R |z Catalogado en:20150728 |k DER | ||